III Congreso iberoamericano de derecho romano
Saved in:
| Institution som forfatter: | |
|---|---|
| Format: | Bog |
| Sprog: | spansk portugisisk |
| Udgivet: |
León
Universidad de León
1998
|
| Fag: | |
| Tags: |
Tilføj Tag
Ingen Tags, Vær først til at tagge denne postø!
|
MARC
| LEADER | 00000nam a2200000 a 4500 | ||
|---|---|---|---|
| 001 | UCN4934 | ||
| 003 | CL-VaPUC | ||
| 005 | 20220111103922.0 | ||
| 008 | 010817e19980000sp 1 spa d | ||
| 041 | 0 | 7 | |a spa |2 CL-VaPUC |
| 041 | 0 | 7 | |a por |2 CL-VaPUC |
| 082 | 0 | 4 | |a 340.54 |b UNI |2 21 |
| 110 | 2 | |a Universidad de León |e author |9 619957 | |
| 245 | 1 | 0 | |a III Congreso iberoamericano de derecho romano |
| 260 | |a León |b Universidad de León |c 1998 | ||
| 300 | |a 461 p | ||
| 583 | |a last modification |c 20010817 00:00:00 |k Rodrigo Vera | ||
| 650 | 0 | 0 | |a Derecho romano |9 255930 |
| 650 | 0 | 0 | |a Pensamiento jurídico |9 255517 |
| 650 | 0 | 0 | |a Derechos humanos |9 223025 |
| 650 | 0 | 0 | |a Esclavitud |9 323605 |
| 651 | 0 | |a Roma |9 255106 | |
| 651 | 0 | |a Argentina |9 254888 | |
| 942 | |c BK | ||
| 945 | |a vberengu |d 20010817 00:00:00 | ||
| 546 | |a En Español | ||
| 546 | |a En Portugués | ||
| 536 | |a Universidad de León | ||
| 518 | |p Congreso Iberoamericano de Derecho Romano, 3, León, 5 al 7 de Febrero de 1997 | ||
| 999 | |c 383684 |d 383682 | ||
| 952 | |0 0 |1 0 |4 0 |6 340_540000000000000_UNI_1998 |7 0 |8 DER_ROM |9 505894 |a BIBDER |b BIBDER |d 2020-01-23 |i 3748499 |o 340.54 UNI 1998 |p 3748499 |r 2023-01-25 |w 2020-01-23 |x Ubicación 4to piso |y BK |z Este recurso debe solicitarse con anticipación |k DER | ||